IFM Opac

According for Business Combinations and Goodwill (Record no. 18464)

MARC details
000 -LEADER
fixed length control field 00366nam a22001337a 4500
020 ## - INTERNATIONAL STANDARD BOOK NUMBER
International Standard Book Number 85099 017 3
082 ## - DEWEY DECIMAL CLASSIFICATION NUMBER
Classification number 657.3 MCL
100 ## - MAIN ENTRY--PERSONAL NAME
Personal name Mclean, A.T
245 ## - TITLE STATEMENT
Title According for Business Combinations and Goodwill
260 ## - PUBLICATION, DISTRIBUTION, ETC.
Place of publication, distribution, etc. EDINBURGH
Name of publisher, distributor, etc. The Institute of Chartered Accountants of Scotland
Date of publication, distribution, etc. 1972
300 ## - PHYSICAL DESCRIPTION
Extent v,85Pg
Other physical details 21cm
490 ## - SERIES STATEMENT
Series statement Research Series
942 ## - ADDED ENTRY ELEMENTS (KOHA)
Koha item type Books
Holdings
Withdrawn status Lost status Source of classification or shelving scheme Damaged status Not for loan Home library Current library Shelving location Date acquired Full call number Barcode Date last seen Price effective from Koha item type
    Dewey Decimal Classification     IFM Main Campus Library IFM Main Campus Library   08/16/2017 657.3 MCL 0000010320 08/16/2017 08/16/2017 Books